La Inversió pública a Catalunya / direcció: Núria Bosch ; investigador: Marta Espasa Núria Bosch ; investigador:
Descripción Física:
93 p. : a doble columna : amb maps. col. ; 30 cm
Materias:
Inversions públiques -- Catalunya
MARC
| LEADER | 00000nam a2200000Ia 4500 | ||
|---|---|---|---|
| 001 | 11076 | ||
| 008 | 160829s1991 xx 000 0 cat d | ||
| 080 | |a M-1-164 | ||
| 245 | |a La Inversió pública a Catalunya / direcció: |b Núria Bosch ; investigador: |b Marta Espasa | ||
| 260 | |a Barcelona : |b Diputació de Barcelona, [Centre d'Estudis de Planificació], |c 1991 | ||
| 300 | |a 93 p. : |b a doble columna : |b amb maps. col. ; |c 30 cm | ||
| 650 | |a Inversions públiques |x Catalunya |9 35534 | ||
| 700 | |a Bosch Roca, Núria |e director editorial |9 44638 | ||
| 700 | 1 | |a Espasa Queralt, Marta |9 39460 | |
| 901 | |a Arxiu | ||
| 942 | |n 1 |2 udc | ||
| 952 | |0 0 |1 0 |4 0 |6 M1164 |7 1 |9 46947 |a Arxiu |b Arxiu |d 2016-12-01 |l 0 |o M-1-164 |p 11076 |r 2016-12-01 00:00:00 |w 2016-12-01 |y ARXIU | ||
| 999 | |c 50740 |d 50740 | ||